| 000 | 00469 a2200169 4500 | ||
|---|---|---|---|
| 001 | 184305 | ||
| 020 | _a85-16-04759-8 | ||
| 040 | _cMagnum | ||
| 100 | _aSabino, Fernando | ||
| 240 | 1 | 0 |
_aAntologia da crônica brasileira de machado de assis a lourenço diaféria _lpor |
| 245 | 1 | 0 | _aAntologia da crônica brasileira de machado de assis a lourenço diaféria |
| 300 | _a207 | ||
| 362 | 0 | _a2005 | |
| 440 | 1 | _aSalamandra | |
| 697 | _aLITERATURA GERAL | ||
| 942 | _cBK | ||
| 999 |
_c184305 _d184305 |
||